书目信息 |
| 题名: |
施工企业会计实务
|
|
| 作者: | 郝建国 , 许群 , 黄毅勤 主编 | |
| 分册: | ||
| 出版信息: | 北京 中国物价出版社 2004.1 |
|
| 页数: | 485页 | |
| 开本: | 21cm | |
| 丛书名: | 企业会计实务丛书 | |
| 单 册: | ||
| 中图分类: | F407.967.2 | |
| 科图分类: | ||
| 主题词: | 施工单位--基本--建设会计 , 施工单位 , 建设会计 | |
| 电子资源: | ||
| ISBN: | 7-80155-637-2 | |
| 000 | 00813nam2 2200277 45 | |
| 001 | 012004000000 | |
| 005 | 20041026112559.79 | |
| 010 | @a7-80155-637-2@dCNY 28.00 | |
| 100 | @a20040914d2004 em y0chiy0121 ea | |
| 101 | 0 | @achi |
| 102 | @aCN@b110000 | |
| 105 | @ak z 000yy | |
| 200 | 1 | @a施工企业会计实务@Ashi gong qi ye kuai ji shi wu@f郝建国, 许群, 黄毅勤主编 |
| 210 | @a北京@c中国物价出版社@d2004.1 | |
| 215 | @a485页@c表格@d21cm | |
| 225 | 2 | @a企业会计实务丛书 |
| 410 | 0 | @12001 @a企业会计实务丛书 |
| 606 | 0 | @a施工单位@x基本@x建设会计 |
| 606 | 0 | @a施工单位 |
| 606 | 0 | @a建设会计 |
| 690 | @aF407.967.2@v4 | |
| 701 | 0 | @a郝建国@Ahao jian guo@4主编 |
| 701 | 0 | @a许群@Axu qun@4主编 |
| 701 | 0 | @a黄毅勤@Ahuang yi qin@4主编 |
| 801 | 0 | @aCN@bQSSKxf@c20041026 |
| 905 | @a10447@dF407.967.2@eH137 | |
| 施工企业会计实务/郝建国, 许群, 黄毅勤主编.-北京:中国物价出版社,2004.1 |
| 485页:表格;21cm.-(企业会计实务丛书) |
| ISBN 7-80155-637-2:CNY 28.00 |
| ● |
| 相关链接 |
|
|
|
正题名:施工企业会计实务
索取号:F407.967.2/H137
 
预约/预借
| 序号 | 登录号 | 条形码 | 馆藏地/架位号 | 状态 | 备注 |
| 1 | 422785 | 204227853 | 社科库409/409社科库 35排3列1层/ [索取号:F407.967.2/H137] | 在馆 | |
| 2 | 422787 | 204227871 | 社科二线422/409社科库 35排5列4层/ [索取号:F407.967.2/H137] | 在馆 | |
| 3 | 422788 | 204227880 | 社科库409/409社科库 35排3列1层/ [索取号:F407.967.2/H137] | 在馆 |